Sunday : the world's rest day

保存先:
書誌詳細
団体著者: Committee of Seven
フォーマット: 図書
言語:英語
出版事項: New York Sabbath Committee. 1916.
主題:
タグ: タグ追加
タグなし, このレコードへの初めてのタグを付けませんか!

MARC

LEADER 00000nam a22000005a 4500
001 2458
003 CL-ChBUA
005 20120815102759.0
008 070301s1916 xxu 000 0 eng
040 |a CL-ChBUA  |c CL-ChBUA 
082 0 0 |a 263.3 
090 |c 2458  |d 2458 
110 2 |a Committee of Seven. 
245 1 0 |a Sunday :  |b the world's rest day 
260 |b New York Sabbath Committee.  |c 1916. 
300 |a xiv, 622 p.  |c 20 cm. 
504 |a Indice. 
650 4 |a DOMINGO. 
942 |c LIB 
952 |0 0  |1 0  |4 0  |7 0  |9 3539  |a UNACH  |b UNACH  |c 200  |d 2007-03-05  |i 29.879.  |l 0  |o 263.3 / Su 957.  |p 4538  |r 2026-04-14 18:04:56  |u 3539  |w 2012-08-08  |y LIB  |k 263.3 / Su 957. 
999 |c 2458  |d 2458